000 01505cam a22004574i 4500
003 PE-LiUPU
005 20250731172944.0
008 150623s r 000 0 d
020 _a0310525810
035 _a(Sirsi) i9780310525813
040 _aPE-LiUPU
_bspa
_cPE-LiUPU
_erda
049 _aPRUA
082 0 4 _a259.23
_bR71M
_221
100 1 _aRobbins, Duffy,
_eautor.
245 1 4 _aThe ministry of nurture /
_cDuffy Robbins.
264 1 _aMichigan :
_bZondervan Publishing House,
_c1990.
300 _a237 páginas ;
_c23.5 centímetros
336 _atext
_2rdacontent
337 _aunmediated
_2rdamedia
338 _avolume
_2rdacarrier
505 0 _aAdolescent spirituality. -Real-life student discipleship. -The process of nurture. -Conclusión.
526 _aSEG42
526 _aSEG41
526 _aSEG40
526 _aSEG39
526 _aP94
526 _aP87
526 _aP86
526 _aP85
526 _aP77
526 _aP76
526 _aP35
650 0 4 _aAdolescentes
_xVida religiosa.
650 0 4 _aTrabajo de oglesia con adolescentes.
942 _2ddc
_cBOOK
949 _a259.23 R71M
_wDEWEY
_c1
_i44703
_lCCODEBUL1
_mBUL
_r0
_sY
_tBOOK
_u2015-6-24
_xTEOLOGIA
_PP35
_0COMPRA
_o.STAFF. Colección General
994 _aC0
_bPEPRU
596 _a1
999 _a259.23 R71M
_wDEWEY
_c21568
_i44703
_f2021-11-10
_g5
_lCCODEBUL1
_mBUL
_r0
_sY
_tBOOK
_u2015-6-24
_xTEOLOGIA
_PP35
_0COMPRA
_o.STAFF. Colección General
_d21568
980 _81
_gALBERTO SANCHEZ Responsable de Automatización